ARRUPE JESUIT UNIVERSITY

CORONAVIRUS -STOP THE SPREAD - CLEAN,DISINFECT,COVER

People of God in the missionary nature of the church: (Record no. 125344)

MARC details
000 -LEADER
fixed length control field 00956cam a2200301 4500
001 - CONTROL NUMBER
control field 4073979
003 - CONTROL NUMBER IDENTIFIER
control field ARRUPE
005 - DATE AND TIME OF LATEST TRANSACTION
control field 20160927092240.0
008 - FIXED-LENGTH DATA ELEMENTS--GENERAL INFORMATION
fixed length control field 691113s1968 it b 000 0 eng
010 ## - LIBRARY OF CONGRESS CONTROL NUMBER
LC control number 70426943
015 ## - NATIONAL BIBLIOGRAPHY NUMBER
National bibliography number It***
040 ## - CATALOGING SOURCE
Original cataloging agency DLC
Transcribing agency DLC
Modifying agency DLC
043 ## - GEOGRAPHIC AREA CODE
Geographic area code f------
050 10 - LIBRARY OF CONGRESS CALL NUMBER
Classification number BX1746.R987
082 00 - DEWEY DECIMAL CLASSIFICATION NUMBER
Classification number 266.2
300 ## - PHYSICAL DESCRIPTION
Dimensions 21 cm.
100 1# - MAIN ENTRY--PERSONAL NAME
Personal name Rweyemamu, Robert.
9 (RLIN) 26178
245 10 - TITLE STATEMENT
Title People of God in the missionary nature of the church:
Remainder of title a study of Concilian Ecclesiology applied to the Missionary Pastoral in Africa.
Statement of responsibility, etc by Rweyemamu, Robert.
260 ## - PUBLICATION, DISTRIBUTION, ETC. (IMPRINT)
Place of publication, distribution, etc Rome,
Date of publication, distribution, etc 1968.
Name of publisher, distributor, etc Imprimi Potest
300 ## - PHYSICAL DESCRIPTION
Extent xiv, 132 p.;
350 ## - PRICE (NR) (BK AM CF MU VM SE) [OBSOLETE]
Price unpriced
502 ## - DISSERTATION NOTE
Dissertation note Thesis--Urbanian University.
504 ## - BIBLIOGRAPHY, ETC. NOTE
Bibliography, etc Bibliography: p. v-xiii.
610 20 - SUBJECT ADDED ENTRY--CORPORATE NAME
Corporate name or jurisdiction name as entry element Catholic Church
Geographic subdivision Africa.
9 (RLIN) 26179
650 #0 - SUBJECT ADDED ENTRY--TOPICAL TERM
Topical term or geographic name as entry element Church.
9 (RLIN) 26180
650 #0 - SUBJECT ADDED ENTRY--TOPICAL TERM
Topical term or geographic name as entry element Mission of the church.
9 (RLIN) 2929
906 ## - LOCAL DATA ELEMENT F, LDF (RLIN)
a 7
b cbc
c orignew
d u
e ncip
f 19
g y-gencatlg
942 ## - ADDED ENTRY ELEMENTS (KOHA)
Source of classification or shelving scheme Library of Congress Classification
Koha item type Monograph ( Printed materials)
Holdings
Withdrawn status Lost status Source of classification or shelving scheme Damaged status Not for loan Collection code Home library Current library Shelving location Date acquired Total Checkouts Full call number Barcode Date last seen Price effective from Koha item type
    Library of Congress Classification     Main Collection ARRUPE LIBRARY ARRUPE LIBRARY Main Collection 27/09/2016   BX1746.R987 46500010042 22/11/2017 27/09/2016 Monograph ( Printed materials)

 

Arrupe Library. PO Box MP320 Mt Pleasant, Harare, Zimbabwe
263 242 745411|librarian@aju.ac.zw